ბათუმის შოთა რუსთაველის სახელმწიფო უნივერსიტეტის ბიბლიოთეკა

The Kit Chen Library Entertaining (ბიბ.ჩანაწერი № 47532)

000 -LEADER
fixed length control field 00464nam a2200205Ia 4500
001 - CONTROL NUMBER
control field 14396
003 - CONTROL NUMBER IDENTIFIER
control field GE_BSU
008 - FIXED-LENGTH DATA ELEMENTS--GENERAL INFORMATION
fixed length control field 181216s||||||||xx |||||||||||||| ||und||
020 ## - INTERNATIONAL STANDARD BOOK NUMBER
International Standard Book Number 0706438388
040 ## - CATALOGING SOURCE
Transcribing agency GE_BSU
080 ## - UNIVERSAL DECIMAL CLASSIFICATION NUMBER
Universal Decimal Classification number 641
100 ## - MAIN ENTRY--PERSONAL NAME
Personal name Godfrey,Wendy
245 #4 - TITLE STATEMENT
Title The Kit Chen Library Entertaining
260 ## - PUBLICATION, DISTRIBUTION, ETC.
Place of publication, distribution, etc. London
260 ## - PUBLICATION, DISTRIBUTION, ETC.
Name of publisher, distributor, etc. Octopus Books
260 ## - PUBLICATION, DISTRIBUTION, ETC.
Date of publication, distribution, etc. 1982
300 ## - PHYSICAL DESCRIPTION
Extent 94p.21cm.
653 ## - INDEX TERM--UNCONTROLLED
Uncontrolled term The Kit Chen Library Entertaining
942 ## - ADDED ENTRY ELEMENTS (KOHA)
Koha item type წიგნი
ეგზემპლარები
Withdrawn status Lost status Damaged status Not for loan Date acquired Barcode Date last seen Price effective from Koha item type
        2018-12-17 37383 2018-12-17 2018-12-17 წიგნი